| 000 | 01238cam a2200301 4500 | ||
|---|---|---|---|
| 999 |
_c528340 _d528340 |
||
| 001 | 4136447 | ||
| 003 | NUST | ||
| 005 | 20190906072808.0 | ||
| 008 | 700924s1969 dcua b 000 0 eng | ||
| 010 | _a 76604113 | ||
| 038 | _aMSOHAIL | ||
| 040 |
_aDLC _cDLC _dDLC |
||
| 050 | 0 | 0 |
_aTE175 _b.F43 |
| 082 | 0 | 0 |
_a625.72 _2FEE |
| 100 | 1 |
_aFee, Julie Anna. _920083 |
|
| 245 | 1 | 0 |
_aAnalysis and modeling of relationships between accidents and the geometric and traffic characteristics of the interstate system. _cPrepared by Julie Anna Cirillo, Stephen K. Dietz [and] Richard L. Beatty, for the Office of Research and Development, Traffic Systems Division. |
| 260 |
_a[Washington] _bU.S. Bureau of Public Roads; for sale by the Supt. of Docs., U.S. Govt. Print. Off., _c1969. |
||
| 300 |
_av, 95 p. _billus. _c24 x 31 cm. |
||
| 350 | _a1.00 | ||
| 504 | _aBibliography: p. 95. | ||
| 650 | 0 |
_aExpress highways _xDesign and construction. _919682 |
|
| 650 | 0 |
_aTraffic accidents. _919603 |
|
| 700 | 1 |
_aDietz, Stephen K., _ejoint author. _920084 |
|
| 700 | 1 |
_aBeatty, Richard L., _ejoint author. _920085 |
|
| 710 | 1 |
_aUnited States. _bBureau of Public Roads. _919975 |
|
| 906 |
_a7 _bcbc _corignew _d4 _encip _f19 _gy-gencatlg |
||
| 942 |
_2ddc _cBK |
||